Score 0/24 Timer 04:00
2 Plays Today
% Correct
The Muppet Show
92.7%
The Addams Family
92%
Cheers
90.8%
The X-Files
90.4%
Looney Tunes
90%
Seinfeld
87.7%
Scooby-Doo, Where Are You!
77.9%
That '70s Show
75.3%
The Odd Couple
74%
The Nanny
73.2%
I Love Lucy
68.7%
House of Cards
62.5%
% Correct
Adventure Time
58.5%
Futurama
57.9%
The Sopranos
55.2%
Alice
55.1%
Glee
54.5%
Malcolm in the Middle
47.1%
Murphy Brown
44.1%
Hill Street Blues
43.4%
It's Always Sunny in Philadelphia
42.8%
The Simpsons
39%
30 Rock
29.5%
Orphan Black
17.6%

You're not logged in!

Compare scores with friends on all Sporcle quizzes.
OR
Log In

Sporcle TV

Today on Sporcle TV


Watch our educational content, quiz creation guides, and fun videos on Sporcle TV.

Show Comments

Extras

Top Quizzes Today


Score Distribution

Paid Content

Your Account Isn't Verified!

In order to create a playlist on Sporcle, you need to verify the email address you used during registration. Go to your Sporcle Settings to finish the process.

Report this User

Report this user for behavior that violates our Community Guidelines.

Details: